[Event "Oberliga Ost-A 1819"]
[Site "Germany"]
[Date "2019.04.07"]
[Round "11.6"]
[White "Escher, Thomas"]
[Black "Hoffmann, Hendrik"]
[Result "0-1"]
[WhiteElo "2155"]
[BlackElo "2265"]
[PlyCount "76"]
[EventDate "2018.10.21"]
[EventType "team-tourn"]
[EventRounds "11"]
[EventCountry "GER"]
[SourceTitle "EXT 2020"]
[Source "ChessBase"]
[SourceDate "2019.10.17"]
[SourceVersion "1"]
[SourceVersionDate "2019.10.17"]
[SourceQuality "1"]
[WhiteTeam "Coswig TuS"]
[BlackTeam "Leipzig SG"]
[WhiteTeamCountry "GER"]
[BlackTeamCountry "GER"]

1. e4 d6 2. d4 Nf6 3. Nc3 g6 4. Nf3 Bg7 5. Be2 0-0 6. 0-0 a6 7. Re1 e6 8. Bf4 Nc6 9. d5 e5 10. Bg5 Ne7 11. Qd2 Ne8 12. h3 f5 13. exf5 gxf5 14. Bh6 Ng6 15. Bxg7 Kxg7 16. a4 Nf6 17. Bf1 Bd7 18. a5 Qe7 19. b4 Kh8 20. Ng5 Qg7 21. g3 Rae8 22. b5 h6 23. bxa6 bxa6 24. Ne6 Bxe6 25. dxe6 f4 26. Kh2 e4 27. Qe2 e3 28. g4 Ne5 29. f3 h5 30. Ra4 Rxe6 31. Bg2 hxg4 32. Rxf4 Ng6 33. Rc4 d5 34. Rc5 Qe7 35. Na4 Qd6+ 36. Kg1 Qg3 37. hxg4 Nf4 38. Qf1 e2 0-1

[Event "Oberliga Ost-A 1819"]
[Site "Germany"]
[Date "2019.02.02"]
[Round "6.5"]
[White "Escher, Thomas"]
[Black "Oehl, Tim"]
[Result "1-0"]
[WhiteElo "2155"]
[BlackElo "2138"]
[PlyCount "85"]
[EventDate "2018.10.21"]
[EventType "team-tourn"]
[EventRounds "11"]
[EventCountry "GER"]
[SourceTitle "EXT 2020"]
[Source "ChessBase"]
[SourceDate "2019.10.17"]
[SourceVersion "1"]
[SourceVersionDate "2019.10.17"]
[SourceQuality "1"]
[WhiteTeam "Coswig TuS"]
[BlackTeam "Dresden USV TU II"]
[WhiteTeamCountry "GER"]
[BlackTeamCountry "GER"]

1. e4 e6 2. d4 d5 3. Nc3 Bb4 4. e5 Ne7 5. Bd2 b6 6. Nb5 Bxd2+ 7. Qxd2 a6 8. Na3 c5 9. c3 Nbc6 10. Nf3 0-0 11. Bd3 f6 12. exf6 Rxf6 13. 0-0 Qd6 14. Rae1 cxd4 15. cxd4 Bd7 16. Re3 Nf5 17. Bxf5 exf5 18. Rfe1 f4 19. Rc3 Raf8 20. Qd3 Nb4 21. Qb1 Bf5 22. Qa1 Be4 23. Nc4 dxc4 24. Rxe4 b5 25. a4 Qc6 26. Qe1 Nd5 27. Ne5 Qb7 28. Rf3 h6 29. h4 g5 30. Ng4 Rg6 31. h5 Rc6 32. Re6 Kg7 33. Qe5+ Rf6 34. Nxf6 Rxe6 35. Qxe6 Nxf6 36. axb5 axb5 37. Ra3 b4 38. Ra6 Qf7 39. Qb6 c3 40. bxc3 bxc3 41. Ra7 Nd7 42. Qc6 c2 43. Qxc2 1-0

[Event "Oberliga Ost-A 1718"]
[Site "Germany"]
[Date "2018.03.18"]
[Round "9.5"]
[White "Hartge, Gedeon"]
[Black "Escher, Thomas"]
[Result "1/2-1/2"]
[WhiteElo "2144"]
[BlackElo "2150"]
[PlyCount "36"]
[EventDate "2017.10.22"]
[EventType "team-tourn"]
[EventRounds "11"]
[EventCountry "GER"]
[SourceTitle "EXT 2019"]
[Source "ChessBase"]
[SourceDate "2018.10.10"]
[SourceVersion "1"]
[SourceVersionDate "2018.10.10"]
[SourceQuality "1"]
[WhiteTeam "Halle USV"]
[BlackTeam "Coswig TuS"]
[WhiteTeamCountry "GER"]
[BlackTeamCountry "GER"]

1. d4 d5 2. c4 Nc6 3. Nf3 Bg4 4. cxd5 Bxf3 5. gxf3 Qxd5 6. e3 e6 7. Nc3 Qh5 8. Be2 Qg6 9. f4 Nb4 10. Kf1 Nf6 11. Rg1 Qf5 12. Rg5 Qh3+ 13. Kg1 h6 14. Rg3 Qh4 15. Bf1 0-0-0 16. Qf3 Qh5 17. Bg2 Qxf3 18. Bxf3 g6 1/2-1/2

[Event "Oberliga Ost-A 1718"]
[Site "Germany"]
[Date "2018.02.04"]
[Round "7.4"]
[White "Escher, Thomas"]
[Black "Zimmermann, Rene"]
[Result "0-1"]
[WhiteElo "2150"]
[BlackElo "2173"]
[PlyCount "116"]
[EventDate "2017.10.22"]
[EventType "team-tourn"]
[EventRounds "11"]
[EventCountry "GER"]
[SourceTitle "EXT 2019"]
[Source "ChessBase"]
[SourceDate "2018.10.10"]
[SourceVersion "1"]
[SourceVersionDate "2018.10.10"]
[SourceQuality "1"]
[WhiteTeam "Coswig TuS"]
[BlackTeam "Dresden Gruen Weiss"]
[WhiteTeamCountry "GER"]
[BlackTeamCountry "GER"]

1. e4 e6 2. d4 d5 3. Nc3 Bb4 4. e5 c5 5. Bd2 Ne7 6. Nb5 Bxd2+ 7. Qxd2 0-0 8. dxc5 Nd7 9. Nf3 Nxc5 10. Bd3 Nxd3+ 11. Qxd3 b6 12. 0-0 a5 13. Rfe1 Ba6 14. Nfd4 Qd7 15. a4 Rac8 16. Qd2 Bxb5 17. Nxb5 Ng6 18. g3 f6 19. exf6 gxf6 20. f4 e5 21. fxe5 fxe5 22. Nc3 Rcd8 23. Rf1 Qc6 24. Rxf8+ Kxf8 25. h4 Ne7 26. Rf1+ Ke8 27. Qg5 e4 28. Qh5+ Qg6 29. Qe5 e3 30. Rf6 Qxc2 31. Re6 Qf2+ 32. Kh1 Qf7 33. Nb5 d4 34. Nc7+ Kd7 35. Rf6 Qc4 36. Rd6+ Kc8 37. Rxd8+ Kxd8 38. Ne6+ Ke8 39. Nxd4 Qc1+ 40. Kh2 Qxb2+ 41. Kh3 e2 42. Qh5+ Kd7 43. Qg4+ Kc7 44. Nxe2 b5 45. Qf4+ Kb7 46. Nd4 bxa4 47. Qe4+ Kc8 48. Qe6+ Kd8 49. Nf3 Qc2 50. Qd6+ Ke8 51. Ne5 Qc8+ 52. Kh2 Qb7 53. h5 Qb5 54. Kh3 a3 55. Qf6 Qd5 56. Qh8+ Qg8 57. Qf6 a2 58. Qd6 Qxg3+ 0-1

[Event "Oberliga Ost-A 1617"]
[Site "Germany"]
[Date "2017.03.19"]
[Round "8.3"]
[White "Schubert, Thomas"]
[Black "Escher, Thomas"]
[Result "1-0"]
[WhiteElo "2362"]
[BlackElo "2181"]
[PlyCount "43"]
[EventDate "2016.10.16"]
[EventType "team-tourn"]
[EventRounds "11"]
[EventCountry "GER"]
[SourceTitle "EXT 2018"]
[Source "ChessBase"]
[SourceDate "2017.10.13"]
[SourceVersion "1"]
[SourceVersionDate "2017.10.13"]
[SourceQuality "1"]
[WhiteTeam "Leipzig SG"]
[BlackTeam "Coswig TuS"]
[WhiteTeamCountry "GER"]
[BlackTeamCountry "GER"]

1. Nf3 Nc6 2. c4 e5 3. Nc3 f5 4. d4 e4 5. Ng5 Bb4 6. Nh3 Nf6 7. e3 Bxc3+ 8. bxc3 d6 9. Be2 0-0 10. 0-0 Qe8 11. c5 dxc5 12. Ba3 Nd7 13. Nf4 Qf7 14. f3 g5 15. Nh3 Qe7 16. fxe4 Qxe4 17. Bc4+ Kh8 18. Qh5 Qxe3+ 19. Kh1 Nf6 20. Qh6 Bd7 21. Nxg5 Rae8 22. Bxc5 1-0

[Event "Oberliga Ost-A 1617"]
[Site "Germany"]
[Date "2017.01.15"]
[Round "5.4"]
[White "Waechter, Nathalie"]
[Black "Escher, Thomas"]
[Result "1/2-1/2"]
[WhiteElo "1974"]
[BlackElo "2181"]
[PlyCount "64"]
[EventDate "2016.10.16"]
[EventType "team-tourn"]
[EventRounds "11"]
[EventCountry "GER"]
[SourceTitle "EXT 2018"]
[Source "ChessBase"]
[SourceDate "2017.10.13"]
[SourceVersion "1"]
[SourceVersionDate "2017.10.13"]
[SourceQuality "1"]
[WhiteTeam "Magdeburg Rochade"]
[BlackTeam "Coswig TuS"]
[WhiteTeamCountry "GER"]
[BlackTeamCountry "GER"]

1. d4 d5 2. c4 e6 3. Nc3 Nf6 4. Bg5 Nbd7 5. e3 c6 6. Nf3 Qa5 7. Qc2 Bb4 8. Nd2 0-0 9. Be2 Ne4 10. Ndxe4 dxe4 11. Bh4 e5 12. Rd1 f5 13. 0-0 exd4 14. Rxd4 Bc5 15. Rdd1 Qc7 16. Bg3 Ne5 17. Na4 Be7 18. b4 Be6 19. c5 Rad8 20. Nb2 Kh8 21. Nc4 Bxc4 22. Bxc4 Bf6 23. Be6 g6 24. Rxd8 Rxd8 25. Rd1 Qe7 26. Bxe5 Bxe5 27. Bc4 Rd7 28. Bb3 Kg7 29. g3 Kh6 30. Rxd7 Qxd7 31. Qc4 Qd2 32. b5 Qc3 1/2-1/2

[Event "Oberliga Ost-A 1617"]
[Site "Germany"]
[Date "2016.11.20"]
[Round "3.4"]
[White "Hartge, Gedeon"]
[Black "Escher, Thomas"]
[Result "0-1"]
[WhiteElo "2089"]
[BlackElo "2181"]
[PlyCount "40"]
[EventDate "2016.10.16"]
[EventType "team-tourn"]
[EventRounds "11"]
[EventCountry "GER"]
[SourceTitle "EXT 2018"]
[Source "ChessBase"]
[SourceDate "2017.10.13"]
[SourceVersion "1"]
[SourceVersionDate "2017.10.13"]
[SourceQuality "1"]
[WhiteTeam "Halle USV"]
[BlackTeam "Coswig TuS"]
[WhiteTeamCountry "GER"]
[BlackTeamCountry "GER"]

1. d4 d5 2. c4 Nc6 3. Nf3 Bg4 4. cxd5 Bxf3 5. gxf3 Qxd5 6. e3 e5 7. Nc3 Bb4 8. Bd2 Bxc3 9. bxc3 exd4 10. cxd4 0-0-0 11. Be2 f5 12. Qb3 Qd6 13. Rb1 b6 14. 0-0 Nge7 15. Kh1 Rhf8 16. f4 g5 17. fxg5 h6 18. g6 Nxg6 19. Rbc1 Nh4 20. Bb5 Nf3 0-1

[Event "Oberliga Ost-A 1415"]
[Site "Germany"]
[Date "2015.04.11"]
[Round "10.3"]
[White "Escher, Thomas"]
[Black "Andre, Gordon"]
[Result "0-1"]
[WhiteElo "2198"]
[BlackElo "2334"]
[PlyCount "66"]
[EventDate "2014.09.21"]
[EventType "team-tourn"]
[EventRounds "11"]
[EventCountry "GER"]
[SourceTitle "EXT 2016"]
[Source "ChessBase"]
[SourceDate "2015.10.08"]
[SourceVersion "1"]
[SourceVersionDate "2015.10.08"]
[SourceQuality "1"]
[WhiteTeam "Coswig"]
[BlackTeam "Magdeburg Aufbau Elbe"]
[WhiteTeamCountry "GER"]
[BlackTeamCountry "GER"]

1. e4 e6 2. d4 d5 3. Nc3 Bb4 4. e5 b6 5. Qg4 Bf8 6. Nh3 Nc6 7. Bb5 Qd7 8. a3 Bb7 9. Bg5 a6 10. Bd3 h6 11. Bd2 0-0-0 12. b4 f5 13. Qh5 Nxd4 14. Nf4 g5 15. Nfe2 Nxe2 16. Qxe2 d4 17. Nd1 Bxg2 18. Bxa6+ Bb7 19. a4 d3 20. Qf3 Qd5 21. Qxd5 Rxd5 22. Bxb7+ Kxb7 23. Ne3 Rd4 24. c3 Rh4 25. 0-0 Bg7 26. Ng2 Re4 27. f4 gxf4 28. Bxf4 Ne7 29. Rad1 Rd8 30. Rf3 Ng6 31. Bg3 d2 32. Nf4 Nxe5 33. Rf2 Nc4 0-1

[Event "Oberliga Ost-A 1415"]
[Site "Germany"]
[Date "2014.10.19"]
[Round "3.4"]
[White "Escher, Thomas"]
[Black "Laemmel, Sebastian"]
[Result "1/2-1/2"]
[WhiteElo "2198"]
[BlackElo "2025"]
[PlyCount "81"]
[EventDate "2014.09.21"]
[EventType "team-tourn"]
[EventRounds "11"]
[EventCountry "GER"]
[SourceTitle "EXT 2016"]
[Source "ChessBase"]
[SourceDate "2015.10.08"]
[SourceVersion "1"]
[SourceVersionDate "2015.10.08"]
[SourceQuality "1"]
[WhiteTeam "Coswig"]
[BlackTeam "Chemnitz USG"]
[WhiteTeamCountry "GER"]
[BlackTeamCountry "GER"]

1. d4 Nf6 2. c4 g6 3. Nc3 d5 4. cxd5 Nxd5 5. e4 Nxc3 6. bxc3 Bg7 7. Bc4 c5 8. Ne2 Nc6 9. Be3 0-0 10. 0-0 Qc7 11. Rc1 b6 12. f4 e6 13. Qe1 Na5 14. Bd3 f5 15. dxc5 bxc5 16. Qf2 Rd8 17. Rfd1 Bf8 18. Ng3 Bb7 19. Qe2 Rab8 20. Rb1 Ba8 21. Rxb8 Rxb8 22. Bc1 Qc6 23. Bc2 Bg7 24. e5 Bf8 25. Nf1 Be7 26. Ne3 Kf7 27. Bd3 Rd8 28. Rf1 Qb6 29. Nc4 Nxc4 30. Bxc4 Qa5 31. Qc2 Be4 32. Qb3 Qb6 33. Be3 Qxb3 34. axb3 Bd3 35. Ra1 Bxc4 36. bxc4 Rd3 37. Kf2 Rxc3 38. Ra4 Rc2+ 39. Kf3 a6 40. h3 Rb2 41. Ra5 1/2-1/2

[Event "Oberliga Ost-A 1314"]
[Site "Germany"]
[Date "2014.04.06"]
[Round "11.4"]
[White "Escher, Thomas"]
[Black "Klemm, Dietmar"]
[Result "1/2-1/2"]
[WhiteElo "2188"]
[BlackElo "2242"]
[PlyCount "100"]
[EventDate "2013.10.13"]
[EventType "team-tourn"]
[EventRounds "11"]
[EventCountry "GER"]
[SourceTitle "EXT 2015"]
[Source "ChessBase"]
[SourceDate "2014.11.20"]
[SourceVersion "1"]
[SourceVersionDate "2014.11.20"]
[SourceQuality "1"]
[WhiteTeam "Coswig"]
[BlackTeam "Leipzig SG"]
[WhiteTeamCountry "GER"]
[BlackTeamCountry "GER"]

1. e4 c5 2. Nf3 Nc6 3. d4 cxd4 4. Nxd4 Nf6 5. Nc3 d6 6. Bg5 e6 7. Qd2 Be7 8. 0-0-0 0-0 9. f3 Bd7 10. g4 Nxd4 11. Qxd4 Qa5 12. Be3 b5 13. Kb1 b4 14. Ne2 Rfd8 15. Nc1 e5 16. Qd2 Be6 17. Nb3 Qc7 18. g5 Ne8 19. Qf2 Qb7 20. f4 exf4 21. Qxf4 a5 22. Nd4 Nc7 23. Bd3 a4 24. Rhf1 Bf8 25. Nxe6 Nxe6 26. Qf5 g6 27. Qd5 Qxd5 28. exd5 Nc5 29. Bb5 a3 30. Rd4 Bg7 31. Rxb4 axb2 32. Bxc5 dxc5 33. Rb3 Rd6 34. Bc6 Rf8 35. c3 c4 36. Rxb2 Bxc3 37. Rc2 Rb8+ 38. Kc1 Bd4 39. Re2 f5 40. gxf6 Bxf6 41. Re6 Rxe6 42. dxe6 Kg7 43. Rd1 Rd8 44. Rxd8 Bxd8 45. Bd5 Kf6 46. Bxc4 g5 47. h3 h5 48. Kd2 g4 49. hxg4 hxg4 50. Ke3 g3 1/2-1/2

[Event "Oberliga Ost-A 1213"]
[Site "Germany"]
[Date "2012.11.10"]
[Round "2.4"]
[White "Escher, Thomas"]
[Black "Salzmann, Peter"]
[Result "0-1"]
[WhiteElo "2187"]
[BlackElo "2202"]
[PlyCount "92"]
[EventDate "2012.10.14"]
[EventType "team-tourn"]
[EventRounds "11"]
[EventCountry "GER"]
[SourceTitle "EXT 2014"]
[Source "ChessBase"]
[SourceDate "2013.11.20"]
[SourceVersion "1"]
[SourceVersionDate "2013.11.20"]
[SourceQuality "1"]
[WhiteTeam "Coswig"]
[BlackTeam "Dresden USV II"]
[WhiteTeamCountry "GER"]
[BlackTeamCountry "GER"]

1. e4 c5 2. Nf3 Nc6 3. d4 cxd4 4. Nxd4 d6 5. c4 Nf6 6. Nc3 Qa5 7. Nb3 Qd8 8. Be2 g6 9. 0-0 Bg7 10. Be3 b6 11. f4 Bb7 12. Bf3 0-0 13. Rc1 Rc8 14. Qe2 Qc7 15. g4 Nb4 16. g5 Nd7 17. a3 Na6 18. Nd5 Bxd5 19. cxd5 Qb7 20. Nd4 Bxd4 21. Bxd4 Rxc1 22. Rxc1 Rc8 23. Rc6 Nab8 24. Rxc8+ Qxc8 25. Kg2 e5 26. dxe6 fxe6 27. Bg4 Nf8 28. h4 Qc1 29. Be3 Qc6 30. Bf3 Nbd7 31. h5 gxh5 32. e5 d5 33. Bxh5 Ng6 34. Kg3 Ndf8 35. Bf3 Ne7 36. Kg4 Nfg6 37. Bf2 Qa4 38. Qd2 Nxe5+ 39. Kg3 Nxf3 40. Kxf3 Qe4+ 41. Kg3 Qh1 42. Bd4 Nf5+ 43. Kg4 Qh4+ 44. Kf3 Qg3+ 45. Ke2 Qg2+ 46. Bf2 Ng3+ 0-1

[Event "Oberliga Ost-A 1213"]
[Site "Germany"]
[Date "2012.10.14"]
[Round "1.4"]
[White "Escher, Thomas"]
[Black "Hutsch, Oliver"]
[Result "0-1"]
[WhiteElo "2187"]
[BlackElo "2147"]
[PlyCount "102"]
[EventDate "2012.10.14"]
[EventType "team-tourn"]
[EventRounds "11"]
[EventCountry "GER"]
[SourceTitle "EXT 2014"]
[Source "ChessBase"]
[SourceDate "2013.11.20"]
[SourceVersion "1"]
[SourceVersionDate "2013.11.20"]
[SourceQuality "1"]
[WhiteTeam "Coswig"]
[BlackTeam "Dresden Gruen Weiss"]
[WhiteTeamCountry "GER"]
[BlackTeamCountry "GER"]

1. e4 c6 2. d4 d5 3. Nd2 dxe4 4. Nxe4 Bf5 5. Nc5 Qc7 6. Bd3 Bxd3 7. Nxd3 Nd7 8. Nf3 e6 9. 0-0 Ngf6 10. Re1 Be7 11. c4 0-0 12. Bf4 Bd6 13. Nfe5 Rfd8 14. Qf3 c5 15. dxc5 Nxc5 16. Nxc5 Bxc5 17. Ng4 Qe7 18. Bg5 Bd4 19. Rad1 Bxb2 20. Rb1 Qa3 21. Qxa3 Bxa3 22. Nxf6+ gxf6 23. Bxf6 Rd7 24. Re3 Be7 25. Rg3+ Kf8 26. Bg7+ Ke8 27. Bh6 Bf8 28. Rg8 Ke7 29. Be3 Rc8 30. c5 e5 31. c6 Rxc6 32. Bxa7 b6 33. Bb8 f6 34. Rh8 Ke8 35. g4 Rb7 36. f4 Rxb8 37. fxe5 fxe5 38. Rf1 Ke7 39. Rxh7+ Ke6 40. g5 Bc5+ 41. Kg2 Rf8 42. Rh6+ Kd5 43. Rd1+ Bd4 44. Rh7 Rf2+ 45. Kg3 Rc3+ 46. Kg4 Rf4+ 47. Kh5 Rh3+ 48. Kg6 Rxh7 49. Kxh7 Rh4+ 50. Kg8 Rxh2 51. g6 Rg2 0-1

[Event "Oberliga Ost-A 1112"]
[Site "Germany"]
[Date "2012.04.14"]
[Round "10.3"]
[White "Braun, Gottfried"]
[Black "Escher, Thomas"]
[Result "1/2-1/2"]
[WhiteElo "2239"]
[BlackElo "2190"]
[PlyCount "107"]
[EventDate "2011.09.25"]
[EventType "team-tourn"]
[EventRounds "11"]
[EventCountry "GER"]
[SourceTitle "EXT 2013"]
[Source "ChessBase"]
[SourceDate "2012.11.22"]
[SourceVersion "1"]
[SourceVersionDate "2012.11.22"]
[SourceQuality "1"]
[WhiteTeam "Leipzig SG II"]
[BlackTeam "Coswig"]
[WhiteTeamCountry "GER"]
[BlackTeamCountry "GER"]

1. e4 c5 2. c3 Nf6 3. e5 Nd5 4. d4 cxd4 5. cxd4 e6 6. Nf3 d6 7. Bc4 Be7 8. 0-0 0-0 9. exd6 Qxd6 10. Nc3 Nxc3 11. bxc3 b6 12. Qd3 Bb7 13. Ne5 Nd7 14. Qg3 Nxe5 15. dxe5 Qc6 16. Be2 Rfd8 17. c4 Rac8 18. Be3 Ba6 19. Rfc1 Qe4 20. a4 Bxc4 21. Bf3 Qd3 22. Qg4 Bd5 23. Be2 Qe4 24. Qxe4 Bxe4 25. Ba6 Rc2 26. Kf1 Rd5 27. f3 Bg6 28. f4 Be4 29. Rxc2 Bxc2 30. Ke2 g5 31. g3 h5 32. Bb5 gxf4 33. gxf4 Bf5 34. Kf3 Bg4+ 35. Ke4 f5+ 36. exf6 Bxf6 37. Rc1 Bf5+ 38. Kf3 Bd8 39. Rc8 Bd3 40. Bxd3 Rxd3 41. Ke4 Rd7 42. Bd4 Kf7 43. Be5 h4 44. h3 Kg6 45. Rc6 Kf7 46. Rc8 Be7 47. Rh8 Rd1 48. Rh7+ Ke8 49. Rh8+ Kd7 50. Ra8 Re1+ 51. Kf3 a5 52. Ra7+ Ke8 53. Ra8+ Kf7 54. Ra7 1/2-1/2

[Event "Oberliga Ost-A 1112"]
[Site "Germany"]
[Date "2011.10.22"]
[Round "2.4"]
[White "Schoene, Maria"]
[Black "Escher, Thomas"]
[Result "0-1"]
[WhiteElo "2199"]
[BlackElo "2190"]
[PlyCount "62"]
[EventDate "2011.09.25"]
[EventType "team-tourn"]
[EventRounds "11"]
[EventCountry "GER"]
[SourceTitle "EXT 2013"]
[Source "ChessBase"]
[SourceDate "2012.11.22"]
[SourceVersion "1"]
[SourceVersionDate "2012.11.22"]
[SourceQuality "1"]
[WhiteTeam "Magdeburg Aufbau Elbe"]
[BlackTeam "Coswig"]
[WhiteTeamCountry "GER"]
[BlackTeamCountry "GER"]

1. e4 c5 2. Nf3 d6 3. d4 cxd4 4. Nxd4 Nf6 5. Nc3 Nc6 6. Bg5 e6 7. Qd2 Be7 8. 0-0-0 0-0 9. f3 Nxd4 10. Qxd4 Qa5 11. h4 Rd8 12. Kb1 Bd7 13. Qd2 Qc7 14. h5 Bc6 15. h6 g6 16. Qf4 Ne8 17. Bxe7 Qxe7 18. Bc4 a6 19. Rhe1 b5 20. Bd5 Bxd5 21. exd5 e5 22. g4 Rdc8 23. g5 Qc7 24. Qd2 f5 25. gxf6 Nxf6 26. f4 exf4 27. Qxf4 Rf8 28. Re6 Ne8 29. Qd4 b4 30. Ne4 Rc8 31. Rc1 Qxc2+ 0-1

[Event "Oberliga Ost-A 1011"]
[Site "Germany"]
[Date "2011.02.05"]
[Round "6.2"]
[White "Escher, Thomas"]
[Black "Schultz, Andreas"]
[Result "0-1"]
[WhiteElo "2227"]
[BlackElo "2209"]
[PlyCount "132"]
[EventDate "2010.10.24"]
[EventType "team-tourn"]
[EventRounds "11"]
[EventCountry "GER"]
[SourceTitle "EXT 2012"]
[Source "ChessBase"]
[SourceDate "2011.11.24"]
[SourceVersion "1"]
[SourceVersionDate "2011.11.24"]
[SourceQuality "1"]
[WhiteTeam "Coswig"]
[BlackTeam "Leipzig Lok"]
[WhiteTeamCountry "GER"]
[BlackTeamCountry "GER"]

1. e4 e6 2. d4 d5 3. Nc3 Nf6 4. Bg5 Bb4 5. e5 h6 6. Bd2 Bxc3 7. bxc3 Ne4 8. Qg4 Kf8 9. h4 c5 10. Rh3 Nc6 11. Bd3 Nxd2 12. Kxd2 c4 13. Be2 b5 14. Rg3 Rg8 15. Qf4 a5 16. Bh5 Ra7 17. Rf3 Qe8 18. a3 Nd8 19. Ne2 Qe7 20. g3 Ke8 21. Qe3 Rf8 22. Nf4 Nc6 23. Bg4 Kd8 24. Nh5 Rg8 25. Rf4 Bd7 26. Be2 Be8 27. Rg4 Qf8 28. Rf4 b4 29. axb4 axb4 30. Rxa7 Nxa7 31. cxb4 Qxb4+ 32. Qc3 Qxc3+ 33. Kxc3 Nc6 34. Rg4 g6 35. Nf6 Rh8 36. h5 Ne7 37. hxg6 fxg6 38. Rh4 Bf7 39. Rh1 Kc7 40. Ra1 Nc6 41. f4 h5 42. Bf3 Rb8 43. Nh7 Bg8 44. Ng5 Rf8 45. Nh3 Kb7 46. Rb1+ Kc7 47. Ra1 Kb7 48. Bg2 Ne7 49. Ng5 Nf5 50. Bh3 Nxg3 51. Bxe6 Ne2+ 52. Kb4 Nxd4 53. Bxg8 Nxc2+ 54. Kc5 Rc8+ 55. Kd6 Nxa1 56. Bxd5+ Kb6 57. Bxc4 Rxc4 58. e6 Rc6+ 59. Kd7 Nb3 60. e7 Nc5+ 61. Kd8 Nb7+ 62. Kd7 Nd6 63. Nf7 Ne4 64. Ne5 Nf6+ 65. Kd8 Rd6+ 66. Kc8 h4 0-1

[Event "Oberliga Ost-A 1011"]
[Site "Germany"]
[Date "2011.01.16"]
[Round "5.2"]
[White "Hoffmann, Hendrik"]
[Black "Escher, Thomas"]
[Result "1-0"]
[WhiteElo "2209"]
[BlackElo "2227"]
[PlyCount "118"]
[EventDate "2010.10.24"]
[EventType "team-tourn"]
[EventRounds "11"]
[EventCountry "GER"]
[SourceTitle "EXT 2012"]
[Source "ChessBase"]
[SourceDate "2011.11.24"]
[SourceVersion "1"]
[SourceVersionDate "2011.11.24"]
[SourceQuality "1"]
[WhiteTeam "Leipzig Gohlis"]
[BlackTeam "Coswig"]
[WhiteTeamCountry "GER"]
[BlackTeamCountry "GER"]

1. e4 c5 2. Nf3 d6 3. d4 cxd4 4. Nxd4 Nf6 5. Nc3 Nc6 6. Bg5 e6 7. Qd2 Be7 8. 0-0-0 0-0 9. f4 Nxd4 10. Qxd4 Qa5 11. Be2 h6 12. h4 e5 13. Qf2 Be6 14. Bxf6 Bxf6 15. f5 Bxa2 16. Rh3 Be6 17. fxe6 fxe6 18. Kb1 Be7 19. Qe1 Qc5 20. Bg4 Rf6 21. Rf3 Kf7 22. Rxf6+ Bxf6 23. Qg3 b5 24. Bh5+ Ke7 25. Qg6 Rf8 26. Rf1 Kd8 27. g4 b4 28. Ne2 b3 29. cxb3 Qb5 30. Rd1 Qxe2 31. g5 Qg2 32. gxf6 Qxg6 33. Bxg6 Rxf6 34. h5 Kc7 35. Kc2 Kc6 36. Be8+ Kc5 37. b4+ Kxb4 38. Rxd6 Rf4 39. Bg6 Rf2+ 40. Rd2 Rf3 41. Rd7 Rf2+ 42. Kb1 a5 43. Ka2 Rf3 44. Rxg7 Re3 45. Rb7+ Kc4 46. Rb6 a4 47. Rxe6 a3 48. Rxe5 axb2 49. Kxb2 Re2+ 50. Ka3 Re3+ 51. Ka4 Re1 52. Ka5 Kd4 53. Rd5+ Ke3 54. Kb6 Kf4 55. Kc6 Ra1 56. Kd6 Ra7 57. Ke6 Rb7 58. Rf5+ Kg4 59. e5 Rb6+ 1-0

[Event "Oberliga Ost-A 0809"]
[Site "Germany"]
[Date "2009.03.29"]
[Round "11.1"]
[White "Malich, Burkhard"]
[Black "Escher, Thomas"]
[Result "1-0"]
[WhiteElo "2372"]
[BlackElo "2249"]
[PlyCount "143"]
[EventDate "2008.10.12"]
[EventType "team-tourn"]
[EventRounds "11"]
[EventCountry "GER"]
[SourceTitle "EXT 2010"]
[Source "ChessBase"]
[SourceDate "2010.11.25"]
[SourceVersion "1"]
[SourceVersionDate "2010.11.25"]
[SourceQuality "1"]
[WhiteTeam "Magdeburg Rochade"]
[BlackTeam "Coswig"]
[WhiteTeamCountry "GER"]
[BlackTeamCountry "GER"]

1. d4 d5 2. Nf3 Nc6 3. Bf4 Bg4 4. Nbd2 e6 5. h3 Bh5 6. e3 Bd6 7. c3 Nge7 8. Be2 0-0 9. 0-0 Bxf3 10. Bxf3 Bxf4 11. exf4 Nf5 12. g3 Nce7 13. Qe2 Qd6 14. Nb3 a5 15. a4 b6 16. Rfd1 Rfb8 17. Ra3 c5 18. c4 Ra7 19. dxc5 bxc5 20. Be4 Rab7 21. Bc2 d4 22. Qe5 Qxe5 23. fxe5 Nc6 24. g4 Nh4 25. Nxc5 Rxb2 26. Be4 Nxe5 27. Rxd4 Rb1+ 28. Kh2 R1b4 29. Rc3 Rc8 30. Nb3 Rbxc4 31. Rcxc4 Nxc4 32. Bb7 g5 33. Bxc8 Nf3+ 34. Kg3 Nxd4 35. Nxd4 Nb6 36. Ba6 Nxa4 37. Nb3 Nc3 38. Nxa5 Kg7 39. Bd3 Nd5 40. Nc4 h6 41. Ne3 Nf4 42. Bc4 Ng6 43. Ng2 Kf6 44. h4 Ke5 45. h5 Ne7 46. Ne1 f5 47. f3 Nc6 48. Kf2 Kf6 49. Ke3 Ne5 50. Be2 Nc6 51. Nd3 Ke7 52. Bd1 Kd6 53. Ba4 Ne7 54. Kd4 Nd5 55. Ne5 Ke7 56. gxf5 Nb6 57. Bc2 exf5 58. Bxf5 Kf6 59. Be4 Nc8 60. Ng4+ Kg7 61. Ke5 Nb6 62. Ke6 Na4 63. Ne3 Nc3 64. Nf5+ Kh7 65. Bd3 Na4 66. Kf7 Nc5 67. Bc2 Nd7 68. Ne7+ Kh8 69. Ng6+ Kh7 70. Nf8+ Kh8 71. Nxd7 g4 72. f4 1-0

[Event "Oberliga Ost-A 0809"]
[Site "Germany"]
[Date "2009.01.31"]
[Round "6.1"]
[White "Voigt, Roland"]
[Black "Escher, Thomas"]
[Result "1-0"]
[WhiteElo "2390"]
[BlackElo "2249"]
[PlyCount "189"]
[EventDate "2008.10.12"]
[EventType "team-tourn"]
[EventRounds "11"]
[EventCountry "GER"]
[SourceTitle "EXT 2010"]
[Source "ChessBase"]
[SourceDate "2010.11.25"]
[SourceVersion "1"]
[SourceVersionDate "2010.11.25"]
[SourceQuality "1"]
[WhiteTeam "Leipzig Gohlis"]
[BlackTeam "Coswig"]
[WhiteTeamCountry "GER"]
[BlackTeamCountry "GER"]

1. d4 Nf6 2. g3 d5 3. Bg2 e6 4. c4 c6 5. Nf3 Be7 6. 0-0 0-0 7. Qc2 b6 8. Rd1 Bb7 9. Nbd2 Nbd7 10. Nb3 a5 11. Bf4 dxc4 12. Qxc4 Ba6 13. Qc2 Nd5 14. a3 a4 15. Nc1 Nxf4 16. gxf4 Qc7 17. e3 c5 18. Nd3 Bb7 19. Rac1 Bd5 20. Qe2 Qb7 21. dxc5 Nxc5 22. Nxc5 Bxc5 23. Ne1 Bxg2 24. Nxg2 Qe7 25. Rc4 Rfd8 26. Ne1 b5 27. Rxd8+ Rxd8 28. Rc2 b4 29. axb4 Bxb4 30. Nd3 Bd6 31. Rc4 a3 32. bxa3 Bxa3 33. Ne5 Qd6 34. Qc2 Qd1+ 35. Qxd1 Rxd1+ 36. Kg2 f6 37. Rc8+ Bf8 38. Nf3 Kf7 39. Rc7+ Kg6 40. Nd4 Bd6 41. Rb7 Bxf4 42. Nxe6 Bh6 43. Nf8+ Kf5 44. Kf3 Ke5 45. Re7+ Kf5 46. h4 Rd3 47. Nxh7 Kg6 48. Nf8+ Kh5 49. Ne6 Kxh4 50. Nxg7 Kg5 51. Ke4 Ra3 52. f4+ Kg4 53. Nf5 Ra4+ 54. Nd4 f5+ 55. Kd3 Ra3+ 56. Ke2 Bxf4 57. exf4 Kxf4 58. Ne6+ Ke5 59. Nc7+ Kf4 60. Nd5+ Kg5 61. Rg7+ Kh6 62. Rg1 Ra4 63. Ne3 Rf4 64. Rg2 Kh5 65. Nd5 Rd4 66. Nf6+ Kh6 67. Kf3 Ra4 68. Ng8+ Kh5 69. Nf6+ Kh6 70. Rg8 Ra6 71. Nd5 Rg6 72. Rf8 Kg5 73. Ne7 Rf6 74. Rg8+ Kh6 75. Kf4 Ra6 76. Nxf5+ Kh7 77. Rg7+ Kh8 78. Kg5 Rb6 79. Rd7 Kg8 80. Nd6 Rb1 81. Kf6 Rf1+ 82. Nf5 Rf2 83. Rd8+ Kh7 84. Rd3 Rf1 85. Rg3 Rf2 86. Rg5 Rf1 87. Kf7 Rh1 88. Rg7+ Kh8 89. Rg4 Kh7 90. Rf4 Rh2 91. Ne7 Kh6 92. Rf5 Rh1 93. Ng8+ Kh7 94. Rg5 Rf1+ 95. Nf6+ 1-0